<?xml version="1.0" encoding="UTF-8"?>
<record
    xmlns:xsi="http://www.w3.org/2001/XMLSchema-instance"
    xsi:schemaLocation="http://www.loc.gov/MARC21/slim http://www.loc.gov/standards/marcxml/schema/MARC21slim.xsd"
    xmlns="http://www.loc.gov/MARC21/slim">

  <leader>00469nam a22001577a 4500</leader>
  <controlfield tag="005">20230904173721.0</controlfield>
  <controlfield tag="008">230818b        |||||||| |||| 00| 0 eng d</controlfield>
  <datafield tag="020" ind1=" " ind2=" ">
    <subfield code="a">97815-43345-24-7</subfield>
  </datafield>
  <datafield tag="082" ind1=" " ind2=" ">
    <subfield code="a">R/610.724/DUB/DB1140</subfield>
  </datafield>
  <datafield tag="100" ind1=" " ind2=" ">
    <subfield code="a">Dudhe Akshay</subfield>
    <subfield code="a">Dharmadhikari Snehal</subfield>
    <subfield code="9">204576</subfield>
  </datafield>
  <datafield tag="245" ind1=" " ind2=" ">
    <subfield code="a">Introduction to Nursing Research and Statistics </subfield>
  </datafield>
  <datafield tag="260" ind1=" " ind2=" ">
    <subfield code="a">Jalandhar</subfield>
    <subfield code="b">S.Vikas and Company (Medical Publisher)</subfield>
    <subfield code="c">2021</subfield>
  </datafield>
  <datafield tag="300" ind1=" " ind2=" ">
    <subfield code="a">126p</subfield>
  </datafield>
  <datafield tag="365" ind1=" " ind2=" ">
    <subfield code="b">255.00</subfield>
  </datafield>
  <datafield tag="942" ind1=" " ind2=" ">
    <subfield code="c">DB</subfield>
  </datafield>
  <datafield tag="999" ind1=" " ind2=" ">
    <subfield code="c">355828</subfield>
    <subfield code="d">355828</subfield>
  </datafield>
  <datafield tag="952" ind1=" " ind2=" ">
    <subfield code="0">0</subfield>
    <subfield code="1">0</subfield>
    <subfield code="2">ddc</subfield>
    <subfield code="4">0</subfield>
    <subfield code="7">0</subfield>
    <subfield code="a">BTIN</subfield>
    <subfield code="b">BTIN</subfield>
    <subfield code="d">2023-08-11</subfield>
    <subfield code="g">255.00</subfield>
    <subfield code="i">65</subfield>
    <subfield code="l">1</subfield>
    <subfield code="m">1</subfield>
    <subfield code="o">R 610.724 DUB DB1140</subfield>
    <subfield code="p">BTIN-DB-1140</subfield>
    <subfield code="r">2024-09-27 00:00:00</subfield>
    <subfield code="s">2024-09-03</subfield>
    <subfield code="w">2023-08-18</subfield>
    <subfield code="y">DB</subfield>
    <subfield code="z">DB1140</subfield>
  </datafield>
  <datafield tag="952" ind1=" " ind2=" ">
    <subfield code="0">0</subfield>
    <subfield code="1">0</subfield>
    <subfield code="2">ddc</subfield>
    <subfield code="4">0</subfield>
    <subfield code="7">0</subfield>
    <subfield code="a">SNCN</subfield>
    <subfield code="b">SNCN</subfield>
    <subfield code="d">2024-05-24</subfield>
    <subfield code="e">Donated by Ms. Roshani  Bondule, Nagpur</subfield>
    <subfield code="g">255.00</subfield>
    <subfield code="i">IK#2024-25#00025</subfield>
    <subfield code="l">1</subfield>
    <subfield code="o">610.724/DUB</subfield>
    <subfield code="p">SNCN-DB-210</subfield>
    <subfield code="r">2025-10-07 16:00:48</subfield>
    <subfield code="s">2025-10-04</subfield>
    <subfield code="v">255.00</subfield>
    <subfield code="w">2024-05-22</subfield>
    <subfield code="y">DB</subfield>
    <subfield code="z">DB-210</subfield>
  </datafield>
</record>
